00738nam a22002177a 450000500170000000800410001704000270005804100130008504400070009808200190010510000360012424200240016024500720018426001150025630000290037150500280040065000220042865000160045065000170046670000370048320191224042321.0170304b xxu||||| |||| 00| 0 spa d aCO-BoIAVH cCO-BoIAVH  aspahfre ack a570.0111bD12t aDagognet, Francoisd1924eautor bCatalogo de la vida aTraducciones historia de la biología No.15: bCatalogo de la vida aMedellin:bUniversidad Nacional de Colombia sede Medellin, Facultad de Ciencias Humanas y económicas c2001. a67 páginasc24 x 17 cm aLa sistemática animal 0aBiología animal14aTaxonomía 0aMorfología aPálau, Luis AlfonsoeTraductor